La doctrina social de la Iglesia
Gespeichert in:
| 1. Verfasser: | |
|---|---|
| Format: | Buch |
| Sprache: | Spanisch |
| Veröffentlicht: |
Madrid
Rialp
1961
|
| Ausgabe: | 2a. ed |
| Schlagworte: | |
| Tags: |
Tag hinzufügen
Keine Tags, Fügen Sie den ersten Tag hinzu!
|
MARC
| LEADER | 00000nam a2200000 a 4500 | ||
|---|---|---|---|
| 001 | UCL3969 | ||
| 003 | CL-VaPUC | ||
| 008 | 031219e19610000SP |||||||||||||||||spa|d | ||
| 082 | 0 | 4 | |a 261 |b GUE |2 21 |
| 100 | |a Guerry, Emile Maurice |e author |9 480254 | ||
| 245 | 1 | 3 | |a La doctrina social de la Iglesia |
| 250 | |a 2a. ed | ||
| 300 | |a 384 p | ||
| 942 | |c BK | ||
| 945 | |d 20031219 00:00:00 |a vberengu | ||
| 260 | |a Madrid |b Rialp |c 1961 | ||
| 650 | 0 | |a Teología social |9 326726 | |
| 650 | 0 | |a Economía social |9 334315 | |
| 650 | 0 | |a Moral social |9 310700 | |
| 650 | 0 | |a Doctrina social de la iglesia |9 257333 | |
| 583 | |a last modification |c 20031219 00:00:00 |k Rodrigo Vera | ||
| 999 | |c 306933 |d 306931 | ||
| 952 | |0 0 |1 0 |4 0 |6 261_000000000000000_GUE_1961 |7 0 |8 A |9 372368 |a BIBTEO |b BIBTEO |d 2019-11-21 |i 2098385 |o 261 GUE 1961 |p 2098385 |r 2025-01-17 |w 2019-11-21 |y BK |k ICR | ||